LDR 00517naa#a2200157#i#450# 001 EN\INFRA-M\bibl\14614 005 20260629104709.1 100 ## _a20250114b2025####ek#y0engy0150####ca 102 ## _aRU 200 1# _aDEVELOPMENT OF A METHODOLOGICAL APPROACH TO DETERMINING THE COST OF SOFTWARE SUPPORT WORK _eConference article/thesis 210 1# _aMoscow _cINFRA-M Academic Publishing LLC. _d2025 215 ## _a5 с. 608 ## _aConference article/thesis _2local 700 #1 _aEfimova _gO. V. 700 #1 _aBaboshin _gE. B. 856 4# _azh-szf.ru _u